000 00844nam a2200229Ii 4500
003 JO-AjNU
008 230605s9999||||xx |||||||||||||| ||und||
017 _a2014/10/5029
020 _a978-9957-88-215-0
040 _aJO-AjNU
_bara
_erda
_cJO-AjNU
041 _aara
050 1 4 _aHJ9929 2015
100 3 _aاعداد المهتدي، سوسن زهير محي الدين,
_eauthor
_950365
245 0 0 _aالمحاسبة الحكومية وآليات التدقيق في القطاع العام
250 _aط1
264 3 1 _aعمان: دار زهران للنشر والتوزيع، 2015
300 _a629ص
_bيحتوي على ببلوغرافية من 615-629ص
336 _atext
_btxt
_2rdacontent
337 _aunmediated
_bn
_2rdamedia
338 _avolume
_bnc
_2rdacarrier
650 4 _aالمحاسبة الحكومية
_950366
999 _aA22182
_c25750
_d25750